| 000 | 00737nam a22002297a 4500 | ||
|---|---|---|---|
| 003 | BUBTL | ||
| 008 | 221206b ||||| |||| 00| 0 eng d | ||
| 020 | _a9780415655965 | ||
| 082 | _a420.9/ B3268h/ 2013 | ||
| 100 |
_94869 _aBaugh, Albert C. |
||
| 245 |
_aA History of the English Language/ _c Albert C. Baugh, Thomas Cable |
||
| 250 | _a6th Edn. | ||
| 260 |
_aLondon: _bRoutledge Taylor & Francis Group _cc2013 |
||
| 300 |
_axvi, 446 p.: _c22 cm. |
||
| 500 | _aIncludes Index | ||
| 505 | _aHistory of the English Language, Albert C. Baugh, Thomas Cable, English | ||
| 650 | 0 |
_9194 _aEnglish Language |
|
| 700 |
_95021 _aCable, Thomas |
||
| 856 |
_k0 _l0 _yDownload |
||
| 942 |
_2ddc _cBK |
||
| 999 |
_c6857 _d6857 |
||